Quizzes
Events
Quiz Creation
Community
Videos
Private Events
Remove Ads
Sign In
Join for FREE
Feedback
Dark Mode
Quiz Categories
Sports
Geography
Music
Movies
Television
Just For Fun
Miscellaneous
History
Literature
Language
Science
Gaming
Entertainment
Religion
Holiday
For Kids
Quiz Lab
Recent
Popular Today
Quiz Kudos Today
Editor Picks
Curator Picks
Quizzes by...
Day
Popularity
Type
Ratings
Length
Year
Community
Subscriptions
Recent Discussions
Orange Saloon
Badges
Playlists
Quests
Create
Leaderboards
Showdown
Live 5
Trivia Bingo
Activity
Puzzle Library
Sporcle Events
Private Events
Virtual Trivia
Globe League
Become a Host
Pub Owners
SporcleCon
Opinionation
Our Games
Videos
Blog
Mobile Apps
Partnerships
Remove Ads and Go Orange
Feedback
Music
Pop Music
The Beatles
Song
Album
Lyrics
Bands
Singers
Artist
Clip
Rock
Rap
Classical
Billboard
Country Music
Kpop
Taylor Swift
Music
Pop Music
The Beatles
Song
Album
Lyrics
Bands
Singers
Artist
Clip
Rock
Rap
Classical
Billboard
Country Music
Kpop
Taylor Swift
Random Quiz
Search Sporcle
×
Quiz Lab
Quiz Lab
Music
Kpop
Type answers based on single images at one time
Type answers based on single images at one time
Slideshow
Best Score? Go Orange.
Guess the kpop MV (easy) Stats
Can you name the Guess the kpop MV (easy)?
By
hobis_thighgod
10m
30 Questions
1,366 Plays
1,366 Plays
1,366 Plays
Comments
Comments
Give Quiz Kudos
Give Quiz Kudos
-
- Ratings
hide this ad
Replay
Link that replays current quiz
Next Quiz
Link to next quiz in quiz playlist
You Got
0%
They Got
Avg Score
54%
Avg Friend Score
Upgrade to see
Score Distribution
Jump to the score distribution portion of the page
Score
0/30
Timer
10:00
0
Plays Today
% Correct
I am the Best (2NE1)
89.6%
Growl (EXO)
85.4%
I NEED U (BTS)
84%
Just Right (GOT7)
82.1%
Cheer up (Twice)
81.7%
Happiness (Red Velvet)
72.3%
Very Nice (Seventeen)
70.5%
Ah Yeah (EXID)
69.6%
Congratulations (DAY6)
65.4%
Cinderella (CNBlue)
62.4%
Hate (4Minute)
60.8%
Monster (BigBang)
60.7%
Touch My Body (Sistar)
58.3%
Voodoo Doll (VIXX)
57%
Liar Liar (Oh My Girl)
56.2%
% Correct
Like a Cat (AOA)
55.1%
Bounce (Boyfriend)
54.4%
Navillera (GFriend)
51.7%
Fiction (BEAST)
51%
Bad Girl, Good Girl (Miss A)
50.7%
RunDevilRun (SNSD)
48.3%
Red Light (f(x))
48.2%
Attention (Up10tion)
38.6%
Neverland (U-KISS)
38.1%
Ah-Choo (Lovelyz)
36.2%
Um Oh Ah Yeh (Mamamoo)
36.2%
Ring My Bell (Girl's Day)
30.5%
Freeze (Block B)
25.8%
You're so Fly (BtoB)
19.7%
Where You At (JJCC)
8.6%
Quiz Playlist
Details
Report
Send in Message
Add To Playlist
Slideshow:
Type answers based on single images at one time
Last Updated: Feb 16, 2017
Quiz Scoreboard
CHALLENGE
Sign Up to Join the Scoreboard
Show All
Scores
Hide
Comments
May contain spoilers
Recently Published
9x9 Crossword: Cartoon Network
by jackfrog10
Miscellaneous
3m
College Basketball Coaching Resumes
by pancakes188
Sports
9m
Billboard Blitz: Fleetwood Mac
by CooCooCachoo
Music
15s
More to Explore
Quiz From the Vault
Featured Blog Post
Where Did the Easter Bunny Come From?
hide this ad
You Might Also Like...
Tags
Kpop Quiz
Kpop Quiz
Today's Top Quizzes in Music
Browse Music
hide this ad
Today's Top Quizzes in Kpop
Browse Kpop
Top Contributed Quizzes in Music
1
Taylor Swift All Songs (2024)
2
Guess the Artist- 70s Songs
3
7-to-1: Billboard Hot 100 #1 Hits of 2010s
4
Sorting Albums and Songs
5
Taylor Swift Logic Puzzle
6
KPOP LOGIC QUIZ
7
Guess the Taylor Swift song (Mystery Song)
8
One Thing in Common: Music
9
2010s Album by Cover III
10
Guess The Taylor Swift Lyrics Song #1
Explore More
Trending Topics
Kpop
Disney
Anime
Crossword
Marvel
NBA
Harry Potter
Soccer
Puzzle
WWE
Country
NFL
The Office
Pokémon
Song
hide this ad
More By:
hobis_thighgod
Quiz
Plays
Rating
Category
Featured
Created
Guess the kpop MV (easy)
1,366
2.83
Music
Aug 4, 2016
guess the kpop boy group MV (HARD)
1,027
2.60
Music
Aug 3, 2016
guess the '95-liners
839
3.50
Music
Aug 20, 2016
Go to Creator's Profile
Score Distribution
Quiz Creator Spotlight
hobis_thighgod
Follow
Send a Message
Quizzes Created
-
Created Quiz Play Count
-
More By This Creator
Popular Quizzes Today
1
Find the US States - No Outlines Minefield
2
Find the Countries of Europe - No Outlines Minefield
3
The Countries of the World
4
Find the US States
5
Risky Map Clicking: Biggest States A-Z
6
US States
7
Popular People in 1961
8
Movies - When Are They Set?
More Music Quizzes
Songs with over 100 Million Spotify Streams #13 (Clip)
Quiz Lab
Trending Quizzes
Risky Map Clicking: Least Populous States A-Z
1-10 Letter G Words
1-10 Letter F Words
Risky Map Clicking: Next State Alphabetically
Adjectives in 80s TV Shows
Recently Updated
Leaping Animals
pecheneg
Reality TV Shows (A-Z)
bhenderson79
Rickey Henderson's Hall of Fame Teammates
pecheneg
Champions League XIs: Arsenal
pecheneg
Quick Pick: Celebrities in WWE's Hall of Fame
aduchscher
A-Z Keypad Blitz II
pecheneg
Multiple Oscar Actors
pecheneg
Mystery Phrase Blitz: Oscar 'Best Actors'
pecheneg
F. Scott Fitzgerald Novels
LTH
Pick 3 Villains
ddd62291
Trending Topics
Kpop
Marvel
Disney
Anime
NBA
Harry Potter
Crossword
The Office
Pokémon
Soccer
Song
WWE
Country
NFL
Puzzle
Your Account Isn't Verified!
In order to create a playlist on Sporcle, you need to verify the email address you used during registration. Go to your
Sporcle Settings
to finish the process.
Report this User
Report this user for behavior that violates our
Community Guidelines
.
Details:
Send Report
Go to the Sporcle.com Mobile Site →
Comments